[Event "Women's Speed Chess Q7"]
[Site "chess.com INT"]
[Date "2021.06.06"]
[Round "5"]
[White "Pourkashiyan, Atousa"]
[Black "Fernandez, Maria Florencia"]
[Result "0-1"]
[WhiteTitle "WGM"]
[BlackTitle "WIM"]
[WhiteElo "2322"]
[BlackElo "2229"]
[WhiteFideId "12502014"]
[BlackFideId "116459"]
[EventDate "2021.06.06"]

1. e4 c5 2. Nf3 d6 3. d4 cxd4 4. Nxd4 Nf6 5. Nc3 g6 6. Be2 Bg7 7. O-O O-O 8. Be3
Nc6 9. Qd2 Bd7 10. Rad1 a6 11. f3 Rc8 12. Nd5 Ne5 13. b3 Nc6 14. c4 Nxd4 15.
Bxd4 Nxd5 16. exd5 Bxd4+ 17. Qxd4 Qa5 18. Rd2 b5 19. Re1 Rfe8 20. h4 h5 21. Bf1
b4 22. Rde2 Qd8 23. Qf4 a5 24. Qg5 e6 25. dxe6 Bxe6 26. Qh6 Qf6 27. Rd2 Red8 28.
Red1 Qxh4 29. Qe3 Qf6 30. Rxd6 Rxd6 31. Rxd6 Qb2 32. Rd2 Qf6 33. c5 Qf5 34. Rd6
Qxc5 35. Rd8+ Kh7 36. Qxc5 Rxc5 37. Ra8 Kg7 38. Ra7 Kf6 39. Kh2 Ke5 40. Bd3 Kd4
41. Bf1 Kc3 42. Kg3 Kb2 43. Re7 Kxa2 44. Kf4 Bxb3 45. g4 hxg4 46. fxg4 Be6 47.
Ra7 b3 48. g5 b2 49. Bc4+ Bxc4 50. Ke3 b1=Q 51. Kd4 Qb3 52. Kxc5 Qb5+ 53. Kd4
Qb6+ 54. Kc3 Qxa7 55. Kc2 Be6 56. Kc3 Qc5+ 57. Kd2 Qxg5+ 58. Kd1 Qb5 59. Kd2 Kb3
60. Ke3 a4 61. Kd4 a3 62. Ke4 a2 63. Kf4 a1=Q 64. Kg3 Qc1 65. Kh4 Qcc4+ 66. Kg3
Qe5+ 67. Kf2 Qec3 68. Kg1 Qe2 69. Kh1 Qc1# 0-1

[Event "Women's Speed Chess Q7"]
[Site "chess.com INT"]
[Date "2021.06.06"]
[Round "5"]
[White "Priyanka, K"]
[Black "Bommini, Mounika Akshaya"]
[Result "0-1"]
[WhiteTitle "WIM"]
[BlackTitle "WFM"]
[WhiteElo "2218"]
[BlackElo "2029"]
[WhiteFideId "5082986"]
[BlackFideId "25019872"]
[EventDate "2021.06.06"]

1. e4 Nc6 2. Nf3 d6 3. d4 Nf6 4. Nc3 Bg4 5. Be2 e5 6. dxe5 dxe5 7. Qxd8+ Rxd8 8.
Bg5 Bb4 9. O-O Bxf3 10. Bxf3 Nd4 11. Bxf6 Nxf3+ 12. gxf3 gxf6 13. Nd5 Rg8+ 14.
Kh1 Be7 15. Nxc7+ Kf8 16. Nd5 f5 17. Nxe7 Kxe7 18. exf5 Kf6 19. Rad1 Kxf5 20. c3
Kf4 21. Rde1 f6 22. Re3 Rd2 23. Rfe1 Rxf2 24. Rd3 Rgg2 25. Re4+ Kf5 26. Rh4 Rxb2
27. Rxh7 Rge2 28. Rd1 Kf4 29. Rh4+ Kxf3 30. Rf1+ Ke3 31. Rh3+ Kd2 32. c4 Rxa2
33. Rhf3 Re1 34. Rxe1 Kxe1 35. Rxf6 e4 36. Re6 Re2 37. h4 Kd2 38. h5 Re1+ 39.
Kg2 Re2+ 40. Kg3 e3 41. h6 Re1 42. h7 Rh1 43. Re7 e2 44. Rd7+ Kc3 45. Re7 Rxh7
46. Rxe2 Kxc4 47. Ra2 a6 48. Kf3 Re7 49. Kf4 Kb4 50. Kf3 a5 51. Rd2 b5 52. Rd4+
Kc3 53. Rd5 Kc4 54. Rd8 a4 55. Rb8 b4 56. Rc8+ Kb3 57. Rb8 a3 58. Ra8 a2 59. Kf2
Kb2 0-1

[Event "Women's Speed Chess Q7"]
[Site "chess.com INT"]
[Date "2021.06.06"]
[Round "5"]
[White "Nguyen, Thi Thanh An"]
[Black "Von Herman, Brigitte"]
[Result "1/2-1/2"]
[WhiteTitle "WGM"]
[BlackTitle "WFM"]
[WhiteElo "2259"]
[BlackElo "1991"]
[WhiteFideId "12400300"]
[BlackFideId "4628730"]
[EventDate "2021.06.06"]

1. d4 d5 2. Bf4 Nc6 3. e3 Bf5 4. a3 Nf6 5. Nf3 e6 6. c4 dxc4 7. Bxc4 Bd6 8. Bg5
O-O 9. O-O h6 10. Bh4 Re8 11. Nc3 Bg4 12. Re1 a6 13. e4 Be7 14. e5 Nd5 15. Bxe7
Ncxe7 16. h3 Bh5 17. Bd3 Bg6 18. Ne4 Rb8 19. Rc1 c6 20. Bb1 Qb6 21. Qd2 Rf8 22.
Nh4 Bh7 23. Nd6 Nf5 24. Nhxf5 exf5 25. Bxf5 Bxf5 26. Nxf5 Rbd8 27. Nd6 c5 28.
Rxc5 Ne7 29. Rec1 Ng6 30. b4 Rd7 31. Rc8 Rdd8 32. Rxd8 Rxd8 33. Qc3 Nf8 34. Qc5
Qxc5 35. bxc5 Ne6 36. Rc4 Kf8 37. Nxb7 Rb8 38. c6 Nc7 39. a4 Ke7 40. Nd6 Ke6 41.
Kh2 f6 42. f4 fxe5 43. dxe5 g5 44. fxg5 hxg5 45. Rg4 Kxe5 46. Nb7 Kf5 47. Kg3
Nd5 48. Kh2 Ne3 49. Rg3 Nf1+ 50. Kg1 Nxg3 51. Kf2 Ne4+ 52. Ke3 Nc3 53. Kd4 Nxa4
54. Kd5 Nb6+ 55. Kd6 Nc4+ 56. Kc5 Ne5 57. Kb6 Nxc6 58. Kxc6 a5 59. Nxa5 Rb2 60.
Nc4 Rxg2 61. Kd5 Rc2 62. Ne3+ Kf4 63. Nxc2 Kg3 64. Ke4 Kxh3 65. Ne3 g4 66. Nxg4 1/2-1/2

[Event "Women's Speed Chess Q7"]
[Site "chess.com INT"]
[Date "2021.06.06"]
[Round "5"]
[White "Vo, Thi Kim Phung"]
[Black "Cori T., Deysi"]
[Result "1-0"]
[WhiteTitle "WGM"]
[BlackTitle "WGM"]
[WhiteElo "2335"]
[BlackElo "2388"]
[WhiteFideId "12401838"]
[BlackFideId "3801934"]
[EventDate "2021.06.06"]

1. d4 d6 2. c4 g6 3. Nf3 Bg7 4. Nc3 Nf6 5. e4 O-O 6. Be2 Bg4 7. O-O Bxf3 8. Bxf3
Nc6 9. d5 Ne5 10. Be2 c5 11. f4 Ned7 12. Be3 a6 13. a4 h5 14. Rc1 Rb8 15. h3 b5
16. axb5 axb5 17. cxb5 Nb6 18. b3 Ra8 19. Qc2 Nfd7 20. Rfd1 Qc7 21. Bc4 Ra3 22.
Nb1 Ra1 23. Nc3 Ra3 24. Nb1 Ra7 25. Bd2 Rfa8 26. Bc3 Ra2 27. Qd3 Bh6 28. Rf1 Qd8
29. Rce1 Qf8 30. e5 Bg7 31. e6 Nf6 32. Nd2 fxe6 33. Rxe6 Qf7 34. Rfe1 R8a7 35.
Nf3 Nh7 36. Bxg7 Kxg7 37. Qe3 Rc2 38. Qe4 Qf5 39. Rxe7+ Rxe7 40. Qxe7+ Kh6 41.
Qxd6 Nxc4 42. bxc4 Rxc4 43. b6 Qxf4 44. Qxf4+ Rxf4 45. Rb1 Rf8 46. b7 Rb8 47.
Ne5 Nf6 48. Nc6 Rxb7 49. Rxb7 Nxd5 50. Rb5 Nc3 51. Rxc5 Ne2+ 52. Kf2 Nf4 53. Kf3
Nd3 54. Rc3 Nb2 55. Nd4 Na4 56. Rc6 Nb2 57. Ne2 Nd3 58. Ke3 Ne5 59. Re6 Nf7 60.
Nf4 Kg5 61. Rxg6+ Kf5 62. Ra6 h4 63. Ra5+ Kf6 64. Rh5 Ng5 65. Rxh4 Nf7 66. Rg4
Ne5 67. Rh4 Kg5 68. Rh8 Kf6 69. Ke4 Nf7 70. Ra8 Ng5+ 71. Ke3 Kf5 72. Ra6 Nf7 73.
Ra5+ Kf6 74. g4 Ne5 75. Rxe5 Kxe5 76. h4 Kf6 77. Kf3 Kg7 78. Nd3 Kg6 79. Kf4 Kf6
80. Ne5 Kg7 81. g5 Kh7 82. Kf5 Kg7 83. h5 Kh7 84. h6 Kg8 85. Kf6 Kh7 86. g6+
Kxh6 87. g7 Kh5 88. Kf7 Kh4 89. g8=Q Kh3 90. Kf6 Kh2 91. Kf5 Kh1 92. Kf4 Kh2 93.
Kf3 Kh1 94. Qg2# 1-0

[Event "Women's Speed Chess Q7"]
[Site "chess.com INT"]
[Date "2021.06.06"]
[Round "5"]
[White "Sviridova, Vlada"]
[Black "Tarasova, Viktoriya"]
[Result "1/2-1/2"]
[WhiteTitle "WFM"]
[BlackTitle "WIM"]
[WhiteElo "2144"]
[BlackElo "2226"]
[WhiteFideId "24109606"]
[BlackFideId "4175840"]
[EventDate "2021.06.06"]

1. d4 Nf6 2. c4 e6 3. Nf3 b6 4. g3 Ba6 5. b3 d5 6. Bg2 Bb4+ 7. Bd2 Bxd2+ 8.
Nbxd2 O-O 9. O-O c5 10. e3 Nbd7 11. Ne5 Bb7 12. Qc2 Qc7 13. Nxd7 Nxd7 14. cxd5
exd5 15. Rac1 Rac8 16. Qf5 Nf6 17. h4 Qd6 18. dxc5 bxc5 19. Nf3 Rc7 20. Ng5 Bc8
21. Qf3 h6 22. Nh3 Bb7 23. Qf4 Qxf4 24. Nxf4 Rd8 25. Rfd1 g5 26. hxg5 hxg5 27.
Nh3 Nh7 28. f4 f6 29. Kf2 Kf7 30. Ng1 g4 31. Ne2 f5 32. Nc3 Nf6 33. Na4 Rdc8 34.
Rc2 c4 35. Rdc1 Ke6 36. bxc4 dxc4 37. Bxb7 Rxb7 38. Rxc4 Ne4+ 39. Kg2 Rxc4 40.
Rxc4 Rb1 41. Nc5+ Nxc5 42. Rxc5 Rb2+ 43. Kf1 Rxa2 44. Re5+ Kf6 45. Rc5 a5 46.
Rc6+ Kf7 47. Ra6 a4 48. Kg1 a3 49. Kf1 Ra1+ 50. Kf2 a2 51. Kg2 Ke7 52. Ra5 Kd7
53. Ra6 Kc7 54. Ra5 Kb6 55. Ra8 Kc5 56. Ra7 Kd5 57. Ra4 Kc5 58. Ra8 Kc4 59. Ra3
Kb4 60. Ra8 Kc3 61. Ra3+ Kd2 62. Kh2 Ke2 63. Kg2 Kd2 64. Kh2 Kc2 65. Ra8 Kb2 66.
Rb8+ Kc3 67. Ra8 Kd3 68. Ra3+ Ke4 69. Kg2 Re1 70. Rxa2 Rxe3 71. Ra4+ Kd5 72.
Ra5+ Ke6 73. Ra6+ Kf7 74. Ra5 Kf6 75. Ra6+ Re6 76. Ra8 Re2+ 77. Kf1 Rb2 78. Ra6+
Ke7 79. Rh6 Kf7 80. Rc6 Kg7 81. Ra6 Kf7 82. Ra5 Ke6 83. Re5+ Kf6 84. Kg1 Rb1+
85. Kf2 Rb2+ 86. Kf1 Rb1+ 87. Ke2 Rb2+ 88. Kf1 Rb1+ 89. Kf2 Rb2+ 90. Re2 Rb3 91.
Rd2 Rf3+ 92. Kg2 Rb3 93. Re2 Kf7 94. Re5 Kf6 95. Ra5 Rb2+ 96. Kf1 Ke6 97. Kg1
Kf7 98. Rxf5+ Kg6 99. Rg5+ Kf6 100. Rxg4 Kf5 101. Rg5+ Ke4 102. Ra5 Kf3 103.
Ra3+ Kg4 104. Rc3 Ra2 105. Kf1 Rb2 106. Ke1 Ra2 107. Kd1 Rb2 108. Ke1 Ra2 109.
Re3 Rb2 110. Re2 Rb3 111. Rg2 Ra3 112. Kf1 Ra1+ 113. Kf2 Ra2+ 114. Kg1 Ra1+ 115.
Kh2 Ra8 116. Rd2 Rh8+ 117. Kg2 Ra8 118. Rf2 Ra3 119. f5 Rxg3+ 120. Kf1 Ra3 121.
f6 Ra8 122. f7 Rf8 123. Ke2 Kg5 124. Ke3 Kg6 125. Ke4 Rxf7 126. Rxf7 Kxf7 1/2-1/2

[Event "Women's Speed Chess Q7"]
[Site "chess.com INT"]
[Date "2021.06.06"]
[Round "6"]
[White "Kabanova, Ekaterina"]
[Black "Zhuravleva, Olga"]
[Result "0-1"]
[WhiteTitle "WFM"]
[BlackTitle "WIM"]
[WhiteElo "2138"]
[BlackElo "2278"]
[WhiteFideId "24112917"]
[BlackFideId "4145933"]
[EventDate "2021.06.06"]

1. c4 e5 2. e3 Nf6 3. a3 d5 4. cxd5 Nxd5 5. Qc2 Nc6 6. Nf3 f5 7. Bb5 Qf6 8. Nxe5
Qxe5 9. Bxc6+ bxc6 10. Qxc6+ Bd7 11. Qxa8+ Kf7 12. Qxa7 Bd6 13. Nc3 Nf4 14. O-O
Ne2+ 15. Nxe2 Qxh2# 0-1

[Event "Women's Speed Chess Q7"]
[Site "chess.com INT"]
[Date "2021.06.06"]
[Round "6"]
[White "Arabidze, Meri"]
[Black "Chu, Ruotong"]
[Result "1-0"]
[WhiteTitle "IM"]
[BlackTitle "WIM"]
[WhiteElo "2432"]
[BlackElo "2207"]
[WhiteFideId "13604040"]
[BlackFideId "8605653"]
[EventDate "2021.06.06"]

1. Nf3 d5 2. g3 Nf6 3. Bg2 g6 4. O-O Bg7 5. d4 O-O 6. c4 c6 7. cxd5 cxd5 8. Ne5
Ng4 9. Nxg4 Bxg4 10. Nc3 Nc6 11. Be3 e5 12. Nxd5 Nxd4 13. Bxd4 1-0

[Event "Women's Speed Chess Q7"]
[Site "chess.com INT"]
[Date "2021.06.06"]
[Round "6"]
[White "Potapova, Margarita"]
[Black "Gunina, Valentina"]
[Result "0-1"]
[WhiteTitle "WIM"]
[BlackTitle "GM"]
[WhiteElo "2260"]
[BlackElo "2436"]
[WhiteFideId "14126869"]
[BlackFideId "4167570"]
[EventDate "2021.06.06"]

1. d4 d5 2. c4 c6 3. Nf3 Nf6 4. g3 Bf5 5. Nc3 e6 6. Nh4 Be4 7. f3 Bg6 8. Qb3 Qb6
9. c5 Qc7 10. Bf4 Qc8 11. e4 Be7 12. O-O-O O-O 13. Nxg6 hxg6 14. h4 b6 15. cxb6
axb6 16. Kb1 c5 17. Nb5 c4 18. Qc2 Nc6 19. exd5 exd5 20. Bh3 Qa6 21. Nc3 Nb4 22.
Qe2 Nxa2 23. Nxa2 Qxa2+ 24. Kc1 c3 0-1

[Event "Women's Speed Chess Q7"]
[Site "chess.com INT"]
[Date "2021.06.06"]
[Round "6"]
[White "Gevorgyan, Maria"]
[Black "Zaichenko, Daria"]
[Result "1-0"]
[WhiteTitle "WGM"]
[BlackTitle "WFM"]
[WhiteElo "2219"]
[BlackElo "2104"]
[WhiteFideId "13300270"]
[BlackFideId "4197453"]
[EventDate "2021.06.06"]

1. e4 c5 2. Nc3 Nc6 3. Bb5 d6 4. Bxc6+ bxc6 5. d3 e5 6. Nge2 Be7 7. O-O f5 8. f4
exf4 9. Bxf4 Nf6 10. exf5 Bxf5 11. Bxd6 Qxd6 12. Rxf5 O-O 13. Ng3 Nd5 14. Nce4
Qg6 15. Qf3 Bh4 16. Rf1 Rxf5 17. Nxf5 Bf6 18. Nxc5 Re8 19. c4 Ne3 20. Nxe3 Bd4
21. Ne4 Bxe3+ 22. Qxe3 Qe6 23. Qxa7 Qg4 24. Qf7+ 1-0

[Event "Women's Speed Chess Q7"]
[Site "chess.com INT"]
[Date "2021.06.06"]
[Round "6"]
[White "Head, Louise"]
[Black "Cori T., Deysi"]
[Result "0-1"]
[WhiteTitle "WFM"]
[BlackTitle "WGM"]
[WhiteElo "2090"]
[BlackElo "2388"]
[WhiteFideId "424773"]
[BlackFideId "3801934"]
[EventDate "2021.06.06"]

1. d4 Nf6 2. c4 g6 3. Nc3 Bg7 4. e4 d6 5. Be2 O-O 6. Nf3 Bg4 7. Nd2 Bxe2 8. Qxe2
Nc6 9. d5 Nd4 10. Qd3 e5 11. O-O c5 12. Ne2 Nd7 13. a3 f5 14. f3 a6 15. Nxd4
cxd4 16. b4 Rc8 17. Bb2 Qg5 18. Rf2 Qe3 19. Qe2 Nb6 20. Re1 Nxc4 21. Nxc4 Qxe2
22. Rfxe2 Rxc4 23. f4 fxe4 24. Rxe4 Rc2 25. Bc1 d3 26. fxe5 Bxe5 27. Bh6 Rff2
28. Rg4 Rfe2 29. Rd1 d2 30. Kf1 Re1+ 31. Rxe1 dxe1=Q+ 32. Kxe1 Kf7 33. Rc4 Rxc4 0-1

[Event "Women's Speed Chess Q7"]
[Site "chess.com INT"]
[Date "2021.06.06"]
[Round "6"]
[White "Morris-Suzuki, Sophie"]
[Black "Shuvalova, Polina"]
[Result "1-0"]
[WhiteTitle "WFM"]
[BlackTitle "IM"]
[WhiteElo "2043"]
[BlackElo "2489"]
[WhiteFideId "30922615"]
[BlackFideId "24171760"]
[EventDate "2021.06.06"]

1. d4 Nf6 2. Bf4 e6 3. Nd2 c5 4. e3 Nc6 5. Bd3 cxd4 6. exd4 Nxd4 7. c3 Nc6 8.
Ngf3 Be7 9. Qc2 d5 10. Ne5 Nxe5 11. Bxe5 h6 12. O-O-O Bd7 13. f4 Qa5 14. Kb1 Ba4
15. Nb3 Qb6 16. f5 Bxb3 17. axb3 O-O-O 18. Bd4 Qc7 19. fxe6 fxe6 20. Rhe1 Bc5
21. Be5 Bd6 22. Bd4 Rhe8 23. Bg6 Re7 24. Qf2 e5 25. Bxa7 d4 26. Bf5+ Nd7 27.
cxd4 b6 28. Rc1 Bc5 29. dxc5 bxc5 30. Rxc5 1-0

[Event "Women's Speed Chess Q7"]
[Site "chess.com INT"]
[Date "2021.06.06"]
[Round "6"]
[White "Ortez, Andrea"]
[Black "Kanyamarala, Trisha"]
[Result "0-1"]
[WhiteTitle "WIM"]
[BlackTitle "WIM"]
[WhiteElo "1969"]
[BlackElo "2180"]
[WhiteFideId "6702392"]
[BlackFideId "45004722"]
[EventDate "2021.06.06"]

1. e4 c5 2. c3 Nf6 3. e5 Nd5 4. Nf3 Nc6 5. Bc4 Nb6 6. Bb3 c4 7. Bc2 d5 8. exd6
exd6 9. O-O Be7 10. b3 d5 11. d4 cxd3 12. Qxd3 Be6 13. Na3 a6 14. Re1 Nd7 15.
Bb2 Nc5 16. Qe2 O-O 17. c4 d4 18. Rad1 Bf6 19. Bd3 Re8 20. Qc2 g6 21. Nb1 Nb4 0-1

[Event "Women's Speed Chess Q7"]
[Site "chess.com INT"]
[Date "2021.06.06"]
[Round "6"]
[White "Bodnaruk, Anastasia"]
[Black "Babiy, Olga"]
[Result "1-0"]
[WhiteTitle "IM"]
[BlackTitle "WGM"]
[WhiteElo "2446"]
[BlackElo "2280"]
[WhiteFideId "4181751"]
[BlackFideId "14117258"]
[EventDate "2021.06.06"]

1. e4 c6 2. Nf3 d5 3. exd5 cxd5 4. Ne5 Nc6 5. d4 Bd7 6. c3 Nf6 7. Bd3 g6 8. f4
Bg7 9. Nd2 O-O 10. O-O a6 11. Re1 b5 12. Ndf3 Rb8 13. Bd2 Na5 14. b3 Nb7 15. Be3
Nd6 16. Nd2 Qc7 17. Rc1 Bf5 18. Bxf5 Nxf5 19. Bf2 Qd6 20. g4 Nh6 21. g5 Nh5 22.
gxh6 Bxh6 23. f5 Nf4 24. Bg3 Nh3+ 25. Kg2 Nf4+ 26. Kh1 gxf5 27. Qf3 Ng6 28. Nxf7
f4 29. Nxd6 1-0

[Event "Women's Speed Chess Q7"]
[Site "chess.com INT"]
[Date "2021.06.06"]
[Round "6"]
[White "Mkrtchian, Lilit"]
[Black "Eswaran, Ashritha"]
[Result "0-1"]
[WhiteTitle "IM"]
[BlackTitle "WIM"]
[WhiteElo "2388"]
[BlackElo "2244"]
[WhiteFideId "13300601"]
[BlackFideId "2080788"]
[EventDate "2021.06.06"]

1. e4 c5 2. Nc3 Nc6 3. Nge2 e5 4. Nd5 d6 5. Nec3 g6 6. Bc4 Bg7 7. d3 Be6 8. O-O
Nge7 9. f4 exf4 10. Bxf4 O-O 11. Bg5 Bd4+ 12. Kh1 Be5 13. Qd2 a6 14. Nf6+ Kh8
15. Bh6 Bxf6 16. Bxf8 Ng8 17. Bh6 Nxh6 18. Qxh6 Bg5 19. Bxe6 Bxh6 20. Rxf7 Qg5
21. Raf1 Nd8 22. Rf8+ Bxf8 23. Rxf8+ Kg7 24. Rg8+ Kf6 0-1

[Event "Women's Speed Chess Q7"]
[Site "chess.com INT"]
[Date "2021.06.06"]
[Round "6"]
[White "Ziegenfuss, Antonia"]
[Black "Perez Rodriguez, Jennifer"]
[Result "0-1"]
[WhiteTitle "WFM"]
[BlackTitle "WIM"]
[WhiteElo "2157"]
[BlackElo "2251"]
[WhiteFideId "12962554"]
[BlackFideId "3507831"]
[EventDate "2021.06.06"]

1. d4 Nf6 2. c4 d5 3. Nc3 c6 4. cxd5 cxd5 5. f3 Nc6 6. e4 dxe4 7. d5 Ne5 8. fxe4
e6 9. Nf3 Nxf3+ 10. Qxf3 exd5 11. Bb5+ Bd7 12. e5 Bxb5 13. exf6 Bc6 14. Qe2+ Kd7
15. fxg7 Bxg7 16. Qg4+ Kc7 17. Qxg7 Qe7+ 18. Kd1 Rhg8 19. Bf4+ Kd7 20. Qd4 Rxg2
21. Re1 Qh4 22. Nxd5 Qh5+ 23. Kc1 Bxd5 24. Re5 Rc8+ 25. Kb1 Qg6+ 0-1

[Event "Women's Speed Chess Q7"]
[Site "chess.com INT"]
[Date "2021.06.06"]
[Round "6"]
[White "Zaksaite, Salomeja"]
[Black "Ortiz Verdezoto, Anahi"]
[Result "0-1"]
[WhiteTitle "WIM"]
[BlackTitle "WIM"]
[WhiteElo "2202"]
[BlackElo "2013"]
[WhiteFideId "12801496"]
[BlackFideId "3614581"]
[EventDate "2021.06.06"]

1. g3 e5 2. Bg2 d5 3. b3 c6 4. Bb2 Bd6 5. e3 Nd7 6. Ne2 Ngf6 7. O-O O-O 8. d3 b6
9. Nd2 Bb7 10. h3 Rc8 11. g4 Ne8 12. Ng3 g6 13. f4 Ng7 14. fxe5 Bxe5 15. e4 Bxb2
16. Rb1 Be5 17. Qf3 dxe4 18. Ndxe4 Nc5 19. Nxc5 bxc5 20. Ne4 f5 21. gxf5 gxf5
22. Nd2 Qg5 23. Nc4 Bd4+ 24. Kh1 Nh5 25. Nd6 Rc7 26. Nxb7 Rxb7 27. Qxc6 Rg7 28.
Qd5+ Kh8 29. Rf3 Ng3+ 30. Kh2 Ne4 31. Bh1 Bg1+ 0-1

[Event "Women's Speed Chess Q7"]
[Site "chess.com INT"]
[Date "2021.06.06"]
[Round "6"]
[White "Vine, Elzbieta"]
[Black "Nanditha, V"]
[Result "0-1"]
[WhiteTitle "WFM"]
[BlackTitle "WCM"]
[WhiteElo "2138"]
[BlackElo "1666"]
[WhiteFideId "1119320"]
[BlackFideId "46626697"]
[EventDate "2021.06.06"]

1. e4 c6 2. d4 d5 3. exd5 cxd5 4. Bd3 Nf6 5. h3 Nc6 6. Nf3 e6 7. Bg5 Be7 8. O-O
h6 9. Be3 Nb4 10. c3 Nxd3 11. Qxd3 O-O 12. Ne5 a5 13. Nd2 Qc7 14. Ndf3 b5 15.
Rac1 Ba6 16. Qd2 b4 17. Rfe1 Ne4 18. Qc2 bxc3 19. bxc3 Ba3 20. Rb1 Qxc3 21. Qxc3
Nxc3 22. Rb3 Bb4 23. a3 Ne2+ 24. Rxe2 Bxe2 25. axb4 a4 26. Rb2 a3 27. Ra2 Bxf3
28. Nxf3 Rfb8 29. Bd2 Rc8 0-1

[Event "Women's Speed Chess Q7"]
[Site "chess.com INT"]
[Date "2021.06.06"]
[Round "6"]
[White "Von Herman, Brigitte"]
[Black "Garifullina, Leya"]
[Result "0-1"]
[WhiteTitle "WFM"]
[BlackTitle "WGM"]
[WhiteElo "1991"]
[BlackElo "2399"]
[WhiteFideId "4628730"]
[BlackFideId "34127035"]
[EventDate "2021.06.06"]

1. e4 c5 2. c3 d6 3. d4 cxd4 4. cxd4 g6 5. Nc3 Bg7 6. h3 Nc6 7. Nf3 Nf6 8. Bd3
O-O 9. O-O Nd7 10. Re1 Nxd4 11. Nxd4 Bxd4 12. Bh6 Bg7 13. Bxg7 Kxg7 14. Bc2 Nf6
15. Qd4 Be6 16. Rad1 Qa5 17. a3 Qb6 18. Qxb6 axb6 19. f3 Rfc8 20. Bd3 Nd7 21.
Rc1 Kf8 22. Bf1 Nc5 23. Nb5 Nb3 24. Rxc8+ Rxc8 25. Kf2 Rc2+ 26. Re2 Rc1 27. g3
Rc5 28. Nc3 Nd4 29. Rd2 Nb3 30. Re2 Rc8 31. g4 h6 32. Ke3 g5 33. Re1 Na5 34. Bb5
Bc4 35. Bxc4 Nxc4+ 36. Kd4 Nxb2 37. Rb1 Nc4 38. Rb4 Na5 39. Rxb6 Nc6+ 40. Kd3
Ra8 41. a4 Ne5+ 42. Ke3 Rc8 43. Rxb7 Rxc3+ 44. Kd4 Ra3 0-1

[Event "Women's Speed Chess Q7"]
[Site "chess.com INT"]
[Date "2021.06.06"]
[Round "6"]
[White "Papp, Petra"]
[Black "Padmini, Rout"]
[Result "1-0"]
[WhiteTitle "WGM"]
[BlackTitle "IM"]
[WhiteElo "2336"]
[BlackElo "2370"]
[WhiteFideId "739049"]
[BlackFideId "5029295"]
[EventDate "2021.06.06"]

1. e4 c5 2. d4 cxd4 3. c3 d3 4. Bxd3 Nc6 5. c4 g6 6. Nf3 Bg7 7. h3 d6 8. O-O Nf6
9. Nc3 O-O 10. Bg5 Be6 11. Qd2 Rc8 12. b3 Nd7 13. Rac1 Nc5 14. Bb1 a6 15. Nd5
Bxd5 16. exd5 Ne5 17. Nxe5 dxe5 18. f4 exf4 19. Qxf4 Qd7 20. Rce1 e5 21. Rxe5
Bxe5 22. Qxe5 Rce8 23. Qf6 Qd8 24. Qxd8 Rxd8 25. Bxd8 Rxd8 26. Re1 Kf8 27. b4
Na4 28. Bc2 Nc3 29. a3 b5 30. Re3 Na2 31. Bb1 1-0

[Event "Women's Speed Chess Q7"]
[Site "chess.com INT"]
[Date "2021.06.06"]
[Round "6"]
[White "Zakirova, Aisha"]
[Black "Fernandez, Maria Florencia"]
[Result "1-0"]
[WhiteTitle "WCM"]
[BlackTitle "WIM"]
[WhiteElo "1585"]
[BlackElo "2229"]
[WhiteFideId "13719734"]
[BlackFideId "116459"]
[EventDate "2021.06.06"]

1. d4 Nf6 2. c4 g6 3. Nc3 Bg7 4. e4 O-O 5. Nge2 d6 6. Ng3 e5 7. d5 c6 8. Be2
cxd5 9. cxd5 Nbd7 10. h4 h5 11. Bg5 Nc5 12. Bxh5 Qa5 13. Bf3 b5 14. Bd2 b4 15.
Nce2 Nd3+ 16. Kf1 Nxb2 17. Qb3 Na4 18. Qxb4 Qa6 19. h5 Nc5 20. Qc3 Bg4 21. Bxg4
Nxg4 22. Qf3 f5 23. exf5 gxf5 24. Nxf5 Rxf5 25. Qxf5 Nh6 26. Bxh6 Bxh6 27. Qg6+
Kh8 28. Qxh6+ Kg8 29. Qg6+ Kh8 30. h6 Rg8 31. Qf6+ Kh7 32. Qf5+ Kh8 33. h7 Rc8
34. Qf6# 1-0

[Event "Women's Speed Chess Q7"]
[Site "chess.com INT"]
[Date "2021.06.06"]
[Round "6"]
[White "Doluhanova, Evgeniya"]
[Black "Semenova, Elena1"]
[Result "0-1"]
[WhiteTitle "WGM"]
[BlackTitle "WIM"]
[WhiteElo "2192"]
[BlackElo "2246"]
[WhiteFideId "14112035"]
[BlackFideId "24125148"]
[EventDate "2021.06.06"]

1. e4 e5 2. Nf3 Nf6 3. Nxe5 d6 4. Nf3 Nxe4 5. d4 d5 6. Bd3 Bd6 7. Nbd2 O-O 8.
O-O Bf5 9. Re1 Re8 10. Nf1 Nd7 11. Ng3 Bg6 12. c3 c6 13. Be3 Qc7 14. Qc2 a5 15.
Ng5 Nxg5 16. Bxg5 Bf4 17. Bxf4 Qxf4 18. Bxg6 hxg6 19. h3 b5 20. Kf1 Nb6 21. b3
a4 22. Rxe8+ Rxe8 23. Re1 Rxe1+ 24. Kxe1 a3 25. Ne2 Qg5 26. Kf1 Kf8 27. f4 Qe7
28. Qc1 Nd7 29. b4 Nf6 30. Qxa3 Kg8 31. Qa8+ Kh7 32. Qxc6 Qe3 33. Qd6 Ne4 34.
Ke1 Qd2+ 35. Kf1 Qd1# 0-1

[Event "Women's Speed Chess Q7"]
[Site "chess.com INT"]
[Date "2021.06.06"]
[Round "6"]
[White "Mendoza, Shania Mae"]
[Black "Selkirk, Rebecca"]
[Result "1-0"]
[WhiteTitle "WFM"]
[BlackTitle "WCM"]
[WhiteElo "2158"]
[BlackElo "1799"]
[WhiteFideId "5211158"]
[BlackFideId "14306514"]
[EventDate "2021.06.06"]

1. e4 c6 2. Nc3 d5 3. d4 dxe4 4. Nxe4 Nd7 5. Bc4 e6 6. Nf3 Ngf6 7. Neg5 Be7 8.
Qe2 Nb6 9. Bb3 O-O 10. Bf4 c5 11. O-O-O Bd7 12. dxc5 Bxc5 13. Ne5 Qe7 14. c3 a5
15. Bc2 a4 16. Kb1 a3 17. Qd3 g6 18. Qh3 axb2 19. Ng4 Nbd5 20. Be5 h5 21. Nxf6+
Nxf6 22. Bxf6 Qxf6 23. Ne4 Qe7 24. Rxd7 Qxd7 25. Nf6+ Kg7 26. Nxd7 Rfd8 27. Nxc5
Ra5 28. Ne4 Rda8 29. Bb3 Rxa2 30. Bxa2 1-0

[Event "Women's Speed Chess Q7"]
[Site "chess.com INT"]
[Date "2021.06.06"]
[Round "6"]
[White "Pham, Le Thao Nguyen"]
[Black "Tania, Sachdev"]
[Result "1-0"]
[WhiteTitle "IM"]
[BlackTitle "IM"]
[WhiteElo "2369"]
[BlackElo "2392"]
[WhiteFideId "12401226"]
[BlackFideId "5007844"]
[EventDate "2021.06.06"]

1. d4 Nf6 2. Nf3 b6 3. Bf4 Bb7 4. e3 g6 5. Nbd2 Bg7 6. h3 O-O 7. Bd3 d6 8. O-O
Nbd7 9. Qe2 c5 10. c3 Qc7 11. Bh2 Rfe8 12. Rfd1 e5 13. dxe5 dxe5 14. e4 Rad8 15.
a4 Nh5 16. Nc4 Nf4 17. Qc2 a6 18. Bf1 Nb8 19. Ne3 f5 20. Bxf4 exf4 21. Nd5 Qf7
22. Bc4 Kh8 23. Nxb6 Qc7 24. Nd5 Bxd5 25. exd5 Nd7 26. Ng5 Ne5 27. Be2 Qb7 28.
c4 h6 29. Ne6 Rb8 30. Rab1 f3 31. Bxf3 Nxf3+ 32. gxf3 Be5 33. Kg2 Rbc8 34. Qe2
Bf6 35. Qe3 g5 36. Qd3 Qg7 37. Qxf5 Bxb2 38. Nxg7 Bxg7 39. Rb7 1-0